| 000 | 00971naa a22002897a 4500 | ||
|---|---|---|---|
| 001 | BR8302212 | ||
| 003 | BR-BrBNA | ||
| 005 | 20240918175233.0 | ||
| 007 | ta | ||
| 008 | 230509b bl.||||| |||| 00| 0 por d | ||
| 040 |
_aBR-BrBNA _bpor _cBiblioteca Nacional de Agricultura |
||
| 041 | _a(Pt) | ||
| 072 | _aF22; F25 | ||
| 090 | _aF22 BR8302212 | ||
| 100 | 1 | _aVieira, M.J. | |
| 245 | 1 | _aInfluencia do preparo do solo sobre a disponibilidade de nutrientes [manejo, fisica do solo, agua do solo] | |
| 260 | 3 |
_aLondrina, PR (Brasil): _c1983. |
|
| 500 | _aCurso de atualizacao em fertilidade do solo Londrina, PR (Brasil): 1983. p. 31-46 (BR8302212-AM)F22 | ||
| 650 | _aANALISE DO SOLO | ||
| 650 | _aNUTRIENTE | ||
| 650 | _aANALISE QUIMICA | ||
| 650 | _aMANEJO | ||
| 650 | _aSOLO | ||
| 773 | 0 |
_tCurso de atualizacao em fertilidade do solo _wF22 BR8302212 _gLondrina, PR (Brasil), 1983. p. 31-46 |
|
| 909 |
_a202404 _bLucia _c55 _dLucia Elande |
||
| 942 |
_cAM _2AGRIS |
||
| 999 |
_c315804 _d315804 |
||